Revolutionary change and modernization in the Arab World : a case from Syria /

Saved in:

Main Author: Akhrass, Safouh (Author)

Format: Book

Language: English

Published: Damascus : [Atlas], 1972.

Subjects:

Tags: Add Tag

No Tags, Be the first to tag this record!

Call Number: DS98.2 .A65 1972

LEADER 00853namaa2200265 4500
001 20956
003 OSt
005 20260217085738.0
008 130303s1972 sy b 000 0 eng d
010 |a 74151562 
040 |c ARCE Library 
043 |a a-sy--- 
050 4 |a DS98.2 .A65 1972 
100 1 |a Akhrass, Safouh,  |e author  |9 24980 
245 1 0 |a Revolutionary change and modernization in the Arab World :  |b a case from Syria /  |c Safouh Akhrass. 
264 1 |a Damascus :   |b [Atlas],   |c 1972. 
300 |a xv, 264 pages ;  |c 21 cm. 
500 |a Revision of the author's thesis, University of California at Berkeley, 1969. 
504 |a Bibliography : pages [246]-254. 
651 0 |a Syria  |x Politics and government. 
651 0 |a Syria  |x Social conditions. 
651 0 |a Syria  |x Economic conditions. 
901 |a reviewed 
942 |c BK  |2 lcc 
999 |c 18575  |d 18575